000 00480nam a2200145Ia 4500
008 151213s9999 xx 000 0 und d
100 _aজরিনা আখতার।
245 _aএই আমি নিজস্ব আমি।
_cজরিনা আখতার।
260 _aঢাকা
_bজরিনা আখতার।
_c2002
300 _a8739 p.
650 _aBangla
650 _aকবিতা
700 _aজরিনা আখতার।
999 _c4524
_d4524